MARC

LEADER 00000nam0a2200000 4500
001 312795
005 20231102002523.0
035 |a (RuTPU)RU\TPU\book\338165 
090 |a 312795 
100 |a 20151228d1982 m y0rusy50 ca 
101 0 |a rus 
102 |a RU 
105 |a a j 001zy 
200 1 |a Технология и механизация открытых горных работ  |e учебник для вузов  |f Н. Н. Рогатин 
210 |a Москва  |c Недра  |d 1982 
215 |a 277 с.  |c ил. 
320 |a Библиогр.: с. 272-273 
606 1 |a Горные работы открытые  |x Геотехнические методы  |2 stltpush  |3 (RuTPU)RU\TPU\subj\8232  |9 35698 
610 1 |a механизация 
610 1 |a полезные ископаемые 
610 1 |a добыча 
610 1 |a выемка 
610 1 |a подготовительные работы 
610 1 |a погрузочные работы 
610 1 |a выемочные машины 
610 1 |a карьерные грузы 
610 1 |a перемещение 
610 1 |a отвальные работы 
610 1 |a комплексная механизация 
610 1 |a пологие залежи 
610 1 |a крутые пласты 
610 1 |a гидравлическая добыча 
610 1 |a россыпные месторождения 
610 1 |a строительные материалы 
610 1 |a учебники 
675 |a 622.271(075.8)  |v 4 
700 1 |a Рогатин  |b Н. Н.  |g Николай Николаевич 
801 1 |a RU  |b 63413507  |c 20151228 
801 2 |a RU  |b 63413507  |c 20191118  |g RCR 
942 |c BK